| Tag |
First Indicator |
Second Indicator |
Subfields |
| LEADER |
00000cam a2200000 4500 |
| 001 |
in00000200062 |
| 005 |
20151009052634.0 |
| 008 |
791026s1964 au ab 00000 ger d |
| 010 |
|
|
|a 65066821
|
| 035 |
|
|
|a (OCoLC)05591659
|
| 035 |
|
|
|9 AAW1442AM
|
| 040 |
|
|
|a TXA
|c TXA
|d UtOrBLW
|
| 049 |
|
|
|a TXAM
|c [415460]
|
| 090 |
|
|
|a N6913
|b .D38
|
| 100 |
1 |
|
|a Decker, Heinrich.
|
| 245 |
1 |
0 |
|a Gotik in Italien /
|c Mit 238 Bildern nach Aufnahmen des Verfassers.
|
| 264 |
|
1 |
|a Wien :
|b A. Schroll,
|c [1964]
|
| 264 |
|
4 |
|c [©1964]
|
| 300 |
|
|
|a 308 pages :
|b illustrations, map.
|
| 336 |
|
|
|a text
|b txt
|2 rdacontent
|
| 337 |
|
|
|a unmediated
|b n
|2 rdamedia
|
| 338 |
|
|
|a volume
|b nc
|2 rdacarrier
|
| 500 |
|
|
|a "Die Bildfolge": [2] pages inserted.
|
| 650 |
|
0 |
|a Art, Italian.
|
| 650 |
|
0 |
|a Art, Gothic.
|
| 999 |
|
|
|a MARS
|
| 999 |
f |
f |
|s 67b36612-c0b5-395b-9dfa-a459605af1b8
|i 527e946e-721e-31a3-8598-b9832abf356f
|t 0
|
| 952 |
f |
f |
|p normal
|a Texas A&M University
|b College Station
|c Sterling C. Evans Library
|d Evans: Library Stacks
|t 0
|e N6913 .D38
|h Library of Congress classification
|i unmediated -- volume
|m A14803395485
|
| 998 |
f |
f |
|a N6913 .D38
|t 0
|l Evans: Library Stacks
|